15 ciudades más pobladas por C - Estadísticas

Estadísticas generales
  • Esta prueba ha sido intentada 19 veces
  • La puntuación promedio es 4 de 15
Estadísticas de respuestas
Población Ciudad % Correcto
2,9M Caracas
69%
4,8M Ciudad del Cabo
50%
22,6M El Cairo
50%
4,6M Casablanca
44%
15,5M Calcuta
38%
2,8M Cali
38%
15,2M Chengdu
31%
3,8M Curitiba
31%
8,9M Chicago
25%
3,4M Campinas
6%
4,9M Changchun
6%
8,1M Changsha
6%
11,9M Chennai
6%
17,8M Chongqing
6%
4,2M Changzhou
0%
No se encontraron pruebas coincidentes
Distribución de puntuación
Porcentaje de gente con cada puntuación
Porcentaje por número respondido
Historial de tus puntuaciones
No has intentado esta prueba.